Logo BPK

Biblioteka

Politechniki Koszalińskiej

Zwischen Dichtung und Philosophie : (Rekord nr 50469)

Szczegóły MARC
000 -ETYKIETA REKORDU
podpole kontrolne o stałej długości 00484nam a2200181 i 4500
001 - NUMER KONTROLNY REKORDU
pole kontrolne bgj
040 ## - ŹRÓDŁO KATALOGOWANIA
Instytucja, która utworzyła rekord BPK
041 0# - KOD JĘZYKA
Kod języka tekstu ger
044 ## - KOD KRAJU WYDAWCY/PRODUCENTA
Kod kraju wydawcy/producenta DEU
080 ## - UNIWERSALNA KLASYFIKACJA DZIESIĘTNA - UKD
UKD 821.112.2
008 - POLE O STAŁEJ DŁUGOŚCI - DANE KONTROLNE
podpole kontrolne o stałej długości s gw f |000 0 ger
100 1# - NAZWA OSOBOWA
Nazwa osobowa PFEIFFER, Johannes.
245 10 - TYTUŁ/ODPOWIEDZIALNOŚĆ
Tytuł Zwischen Dichtung und Philosophie :
Ciąg dalszy tytułu gesammelte Äufsatze /
Pozostałe elementy strefy tytułu i oznaczenia odpowiedzialności Johaness Pfeiffer.
260 ## - STREFA ADRESU WYDAWNICZEGO
Miejsce wydania Bremen :
Nazwa wydawcy/dystrybutora Johs. Storm Verlag,
Data publikacji, dystrybucji/powstania dokumentu 1947.
300 ## - STREFA OPISU FIZYCZNEGO
Objętość 223 s. ;
Rozmiary 22 cm.
650 9# - HASŁO PRZEDMIOTOWE W FORMIE NAZWY OGÓLNEJ LUB JEDNOSTKOWEJ
Nazwa ogólna lub geograficzna Literatura niemiecka
856 ## - LOKALIZACJA I DOSTĘP DO ELEKTRONICZNYCH DOKUMENTÓW ZDALNYCH
Link (URL) http://koha.tu.koszalin.pl/cgi-bin/koha/opac-detail.pl?biblionumber=50469
Tekst linku Katalog online BPK
942 ## - DODATKOWE ELEMENTY (KOHA)
Typ dokumentu Książka
Egzemplarze
Wycofany Status egzemplarza Uszkodzony Ograniczenia udostępniania Dostępność Kolekcja Lokalizacja stała Lokalizacja bieżąca Sygnatura Kod kreskowy Dział Typ dokumentu Uwaga przeznaczona na użytek publiczny
      Dostęp zastrzeżony Tylko na miejscu Bibliotekarstwo Biblioteka Politechniki Koszalińskiej Biblioteka Politechniki Koszalińskiej N 386 02122236 821.112.2 Literatura niemiecka Książka D5
© 2023 Biblioteka Politechniki Koszalińskiej :: KOHA